Atlas Hidrográfico de Chile
Na minha lista:
| Autor Corporativo: | |
|---|---|
| Formato: | Livro |
| Idioma: | espanhol |
| Publicado em: |
Valparaíso
SHOA
2009
|
| Edição: | 7a. ed |
| Assuntos: | |
| Tags: |
Adicionar Tag
Sem tags, seja o primeiro a adicionar uma tag!
|
MARC
| LEADER | 00000nam a2200000 a 4500 | ||
|---|---|---|---|
| 001 | UCH9365 | ||
| 003 | CL-VaPUC | ||
| 008 | 091231e20090000CL |||||||||||||||||spa|d | ||
| 020 | |a 9789562350259 | ||
| 082 | 0 | 4 | |a 623.892 |b SER |2 21 |
| 110 | 2 | |a Servicio Hidrográfico y Oceanográfico de la Armada de Chile SHOA |e author |9 546415 | |
| 245 | 1 | 0 | |a Atlas Hidrográfico de Chile |
| 250 | |a 7a. ed | ||
| 300 | |a pág. irreg | ||
| 942 | |c BK | ||
| 945 | |d 20091231 00:00:00 |a dcastane | ||
| 260 | |a Valparaíso |b SHOA |c 2009 | ||
| 650 | 0 | |a Mapas |9 260844 | |
| 650 | 0 | |a Hidrología |9 261396 | |
| 650 | 0 | |a Océanos |9 344473 | |
| 650 | 0 | |a Oceanografía |9 260014 | |
| 651 | 7 | |a CHILE |2 CL-VaPUC |9 546416 | |
| 583 | |a last modification |c 20091231 00:00:00 |k Rodrigo Vera | ||
| 999 | |c 339352 |d 339350 | ||
| 952 | |0 0 |1 0 |2 ddc |4 0 |6 623_892000000000000_SER_2009 |7 0 |8 X |9 432956 |a BIBCUR |b BIBCUR |d 2019-11-22 |i 4629531 |o 623.892 SER 2009 |p 4629531 |r 2025-04-22 |w 2019-11-22 |y BK_F |k CIM | ||